U.S. States With a Professional Sports Team - Sudden Death - Statistics

General Stats
  • This quiz has been taken 102 times
  • The average score is 18 of 26
Answers on the Grid
Answers color-coded by a green-red scale on the quiz's grid according to % correct below.
Alabama
Alaska
Arizona
Arkansas
California
Colorado
Connecticut
Delaware
Florida
Georgia
Hawaii
Idaho
Illinois
Indiana
Iowa
Kansas
Kentucky
Louisiana
Maine
Maryland
Massachusetts
Michigan
Minnesota
Mississippi
Missouri
Montana
Nebraska
Nevada
New Hampshire
New Jersey
New Mexico
New York
North Carolina
North Dakota
Ohio
Oklahoma
Oregon
Pennsylvania
Rhode Island
South Carolina
South Dakota
Tennessee
Texas
Utah
Vermont
Virginia
Washington
West Virginia
Wisconsin
Wyoming
 
Answer Stats
Answer % Correct
Kings, 49ers, Warriors, Lakers, Giants, Dodgers, Angels, Padres, Clippers, Sharks, Chargers, Rams, Ducks, (Athletics) California
92%
Jaguars, Rays, Magic, Buccaneers, Heat, Panthers, Lightning, Dolphins, Marlins Florida
92%
Suns, Diamondbacks, Cardinals Arizona
89%
Rockies, Avalanche, Broncos, Nuggets Colorado
86%
Braves, Hawks, Falcons Georgia
79%
Colts, Pacers Indiana
79%
Red Wings, Lions, Pistons, Tigers Michigan
73%
Bills, Sabres, Knicks, Mets, Nets, Yankees, Islanders, Rangers, Giants, Jets New York
73%
Blackhawks, Bulls, White Sox, Cubs, Bears Illinois
72%
Pelicans, Saints Louisiana
70%
Bruins, Celtics, Patriots, Red Sox Massachusetts
70%
Vikings, Twins, Timberwolves Minnesota
68%
Hurricanes, Panthers North Carolina
68%
Penguins, Pittsburgh, Steelers, 76ers, Flyers, Phillies, Eagles Pennsylvania
68%
Cowboys, Rangers, Mavericks, Stars, Spurs, Rockets, Texans, Astros Texas
68%
Devils New Jersey
66%
Browns, Cavaliers, Guardians, Blue Jackets, Reds, Bengals Ohio
66%
Cardinals, Royals, Chiefs, Blues Missouri
65%
Thunder Oklahoma
63%
Titans, Predators, Grizzlies Tennessee
63%
Kraken, Mariners, Seahawks, Washington
63%
Raiders, Golden Knights, (Athletics) Nevada
61%
Packers, Bucks, Brewers Wisconsin
61%
Jazz, Mammoth Utah
59%
Ravens, Orioles Maryland
58%
Trail Blazers Oregon
51%
No matching quizzes found
Score Distribution
Percent of People with Each Score
Percentile by Number Answered
Your Score History
You have not taken this quiz